Violencia: en sus distintos ámbitos de expresión
Zapisane w:
| Główni autorzy: | , , , |
|---|---|
| Kolejni autorzy: | |
| Format: | Książka |
| Język: | hiszpański |
| Wydane: |
Santiago
Instituto de Terapia Familiar de Santiago
1995
Santiago Dolmen 1995 |
| Seria: | Mundo Abierto
|
| Hasła przedmiotowe: | |
| Etykiety: |
Dodaj etykietę
Nie ma etykietki, Dołącz pierwszą etykiete!
|
MARC
| LEADER | 00000nam a2200000 a 4500 | ||
|---|---|---|---|
| 001 | UCL4632 | ||
| 003 | CL-VaPUC | ||
| 008 | 040123e19950000cl |||||||||||||||||spa|d | ||
| 020 | |a 9562012530 | ||
| 082 | 0 | 4 | |a 303.6 |b MAT |2 21 |
| 100 | |a Maturana Romesín, Humberto |e autor |9 448877 | ||
| 700 | 0 | |a Coddou Placier, Fernando |e author |9 482266 | |
| 700 | |a Montenegro Arriagada, Hernán |e autor |9 582228 | ||
| 700 | 0 | |a Kunstmann Gallardo, Gloria |e author |9 482268 | |
| 700 | 0 | |a Méndez, Carmen Luz |e author |9 482269 | |
| 245 | 1 | 0 | |a Violencia: en sus distintos ámbitos de expresión |
| 300 | |a 88 p | ||
| 942 | |c BK | ||
| 945 | |d 20040123 00:00:00 |a cmena | ||
| 260 | |a Santiago |b Instituto de Terapia Familiar de Santiago |c 1995 | ||
| 260 | |a Santiago |b Dolmen |c 1995 | ||
| 650 | 0 | |a Violencia |9 255411 | |
| 650 | 7 | |a RELACION DE PAREJA |2 CL-VaPUC |9 363459 | |
| 650 | 0 | |a Medios de comunicación |9 257206 | |
| 650 | 0 | |a Psicología social |9 222894 | |
| 583 | |a last modification |c 20191007 09:26:45 |k Rodrigo Vera | ||
| 490 | 0 | |a Mundo Abierto | |
| 999 | |c 307448 |d 307446 | ||
| 952 | |0 0 |1 0 |4 0 |6 303_600000000000000_MAT_1995_1995 |7 0 |8 A |9 373412 |a BIBEDU |b BIBEDU |d 2019-11-21 |i 3954676 |o 303.6 MAT 1995 1995 |p 3954676 |r 2019-11-21 |w 2019-11-21 |y BK |k EBA | ||